000 00546nam a2200169Ia 4500
003 GCL
008 140319s9999 xx 000 0 ara d
040 _aGCL /
_cGCL
082 0 4 _aق
_b962.07
_bا م
100 1 _aاحمد بهاءالدين
245 1 0 _aمحاوراتى مع السادات /
_cاحمد بهاءالدين
260 _aالقاهرة :
_bدار الهلال للطباعة والنشر
300 _a197 ص ؛
_c24 سم
650 0 4 _aالسياسة
650 0 4 _aمصر - الاحوال السياسية
942 _2ddc
_cBK
999 _c32179
_d32179